LDR 00712naa#a2200181#i#450# 001 EN\\bibl\118684 005 20260513212848.3 011 ## _a1994-4683 100 ## _a20230428b2023####ek#y0engy0150####ca 102 ## _aRU 200 1# _aEXPERIENCE OF CONDUCTING LESSONS "NON-TRADITIONAL METHODS OFPHYSICAL EDUCATION" ONLINE IN PHYSICAL EDUCATION UNIVERSITY _eJournal article 210 1# _aMoscow _cNational State University of Physical Education, Sports and Health named after P.F. Lesgaft _d2023 215 ## _a5 с. 608 ## _aJournal article _2local 675 ## _aМетоды обучения. Формы преподавания. 378.147 _z 700 #1 _aDolmatov _gA V 700 #1 _aDolmatova _gT I 856 4# _auchzapiski.lesgaft.spb.ru _u